Reverzné inžinierstvo poškodených komponentov s ozubením

Salvato in:
Dettagli Bibliografici
Autore principale: Švaral, Maroš (Autore)
Altri autori: Milde, Ján (Relatore della tesi)
Natura: Manoscritto Libro
Lingua:slovacco
Pubblicazione: 2025
Soggetti:
Accesso online:http://is.stuba.sk/zp/portal_zp.pl?podrobnosti=186167
Tags: Aggiungi Tag
Nessun Tag, puoi essere il primo ad aggiungerne!!

MARC

LEADER 00000ntm a22000003a 4500
001 stuzp103482
003 SK-STU
005 20250614212018.6
007 ta
008 150427s2015----xo-----f-mn---000-0-slo-d
040 |a STU  |b slo 
041 0 |a slo 
100 1 |a Švaral, Maroš  |u 063000  |4 aut  |U MTF Materiálovotechnologická fakulta  |T MTF Ústav výrobných technológií  |X 111835  |U M3000  |Y 83  |7 111835 
242 0 1 |a Reverse Engineering of damaged Components with Gearing  |y eng 
245 1 0 |a Reverzné inžinierstvo poškodených komponentov s ozubením 
260 |c 2025 
650 4 |a Autodesk Fusion 360  |2 eng 
650 4 |a gear modification  |2 eng 
650 4 |a Autodesk Powershape  |2 eng 
650 4 |a GOM Inspect  |2 eng 
650 4 |a scanning  |2 eng 
650 4 |a reverse engineering  |2 eng 
650 4 |a Autodesk Fusion 360  |2 slo 
650 4 |a úprava ozubenia  |2 slo 
650 4 |a Autodesk Powershape  |2 slo 
650 4 |a GOM Inspect  |2 slo 
650 4 |a skenovanie  |2 slo 
650 4 |a reverzné inžinierstvo  |2 slo 
700 1 |a Milde, Ján  |u 063200  |k Z1  |4 ths  |U MTF Ústav výrobných technológií  |T MTF Katedra obrábania a počítačovej podpory technológií  |X 56936  |U M3200  |Y 164  |7 A000056936 
856 4 |u http://is.stuba.sk/zp/portal_zp.pl?podrobnosti=186167 
996 |c M* DP-15652  |l MMSKP  |s P  |a 0  |w stuzp103482_0001